000 00464nam a2200181Ia 4500
005 20250311004848.0
008 240331s9999 xx 000 0 und d
082 _bGUN
_a894
100 _aGunasekaran, K.A
245 0 _aThalith arangiyal
260 _aChennai
_bKilaikaatru Veliyitagam
_c1995x
300 _ax, 54 p .,
650 _aUntouchable caste issue ( Thindaamai)
650 _acaste of thalith
650 _aHinduism
650 _aHistory
942 _cL
999 _c3816
_d3816